=LDR 00000nam 2200000 4500 =001 INLIS000000000027400 =005 20130612125759 =008 ***********************************Ind** =035 ##$$0010-061300000027400 =041 ##$$a Ind =082 ##$$a 620.0044 =090 ##$$a 620.0044, Sri i =100 ##$$a Sri,Widharto =245 ##$$a Inspeksi teknik, Sri widharto =260 ##$$a 2004 $b Jakarta =300 ##$$a Jil, ilus, 23 cm =650 ##$$a Tehnik-Ilmu =850 ##$$a NBPNMAT